| 000 | 01419cam a2200349 a 4500 | ||
|---|---|---|---|
| 001 | 4961360 | ||
| 003 | OSt | ||
| 005 | 20150123154528.0 | ||
| 008 | 970212s1997 cou b 101 0 eng | ||
| 010 | _a 97009642 | ||
| 020 | _a0813328780 (HC) | ||
| 020 | _a0813328799 (PB) | ||
| 040 |
_aDLC _cDLC _dDLC |
||
| 043 |
_acc----- _af------ |
||
| 050 | 0 | 0 |
_aRA644.A25 _bA36346 1997 |
| 082 | 0 | 0 |
_aQW 551 AID 1997 _221 |
| 245 | 0 | 0 |
_aAIDS in Africa and the Caribbean, / _cedited by George C. Bond ... [et al.]. |
| 260 |
_aBoulder, Colo. : _bWestview Press, _c1997. |
||
| 300 |
_axv, 234 p. ; _c24 cm. |
||
| 500 | _aBased on a conference held in New York in November 1991. | ||
| 504 | _aIncludes bibliographical references (p. 195-217) and index. | ||
| 650 | 0 |
_aAIDS (Disease) _zCaribbean Area. _92658 |
|
| 650 | 0 |
_aAIDS (Disease) _zAfrica. _92659 |
|
| 650 | 0 |
_aMedical anthropology _zCaribbean Area. _92660 |
|
| 650 | 0 |
_aMedical anthropology _zAfrica. _92661 |
|
| 700 | 1 |
_aBond, George C. _92662 |
|
| 856 | 4 | 2 |
_3Contributor biographical information _uhttp://www.loc.gov/catdir/enhancements/fy0831/97009642-b.html |
| 856 | 4 | 2 |
_3Publisher description _uhttp://www.loc.gov/catdir/enhancements/fy0831/97009642-d.html |
| 906 |
_a7 _bcbc _corignew _d1 _eocip _f19 _gy-gencatlg |
||
| 942 |
_2z _cSLOAN |
||
| 999 |
_c987 _d987 |
||